02651cam a22003611i 4500003000900000005001700009008004100026020001500067040002900082043001200111050001400123072000800137082002100145090002100166100008200187245014200269250003300411264005000444300003000494336003600524337003500560338002900595490004400624650005800668651012600726651012600852856055500978856056701533942001702100949003802117952011702155999001702272SA-RiAUC20251230084006.0251228s2005 su g 00010 ara c a9960983544 aKAPLbaracSA-RiAUCerda an-us--- 4b.S25 2005 7a03504a327.73qSA-RiAUC a327.73bس ل و1 aالسلومي، محمد بن عبد الله،d1373 هجري-eمؤلف.10aضحايا بريئة للحرب العالمية على الإرهاب /cتأليف محمد بن عبد الله السلومي. aالطبعة الأولى. 1aالرياض :bمجلة البيان،c2005 a304 صفحة ؛c24 سم. aنصbtxt2rdacontent3كتاب aبدون وسيطbn2rdamedia aمجلدbnc2rdacarrier0 aسلسلة كتاب البيان ؛v63 7aالحرب على الإرهاب، 2001-20092aucsh 7aالولايات المتحدة الأمريكيةxعلاقات خارجيةzالبلاد الإسلامية2aucsh 7aالبلاد الإسلاميةxعلاقات خارجيةzالولايات المتحدة الأمريكية2aucsh uhttp://www.saaid.net/book/17/8995.pdfyDigital Copy2 نرجو الانتباه لإمكانية وجود اختلاف في الطبعة أو الناشر بين البيانات على البوابة وما ستجده على الكتاب نظرا لمحدودية المعلومات المتاحة على الموقع الناشر للمادة.3Please note that there may be a difference in the edition or publisher between the data on the portal and the book due to the limited information available on the publisher website for the material. uhttp://saaid.net/book/open.php?cat=83&book=10408yExternal Link2 نرجو الانتباه لإمكانية وجود اختلاف في الطبعة أو الناشر بين البيانات على البوابة وما ستجده على الكتاب نظرا لمحدودية المعلومات المتاحة على الموقع الناشر للمادة.3Please note that there may be a difference in the edition or publisher between the data on the portal and the book due to the limited information available on the publisher website for the material. 2ddccBOOKn0 aSA-JeALMd251228umohamedma123n1 00102ddc4070aWAHABbWAHABd2025-12-30l0o327.73 س ل وp000022199r2025-12-30 08:38:52w2025-12-30yBOOK c13833d13833